Stolice - Statystyki

Ogólne statystyki
  • Ten quiz został rozwiązany 50 razy
  • Średni wynik to 15 z 18
Answers on the Grid
Answers color-coded by a green-red scale on the quiz's grid according to % correct below.
Hamburg
Ateny
Gwatemala
Warszawa
Frydek-mistek
Oslo
Liverpool
Podgorica
Ankara
Sarajewo
Barcelona
Dubaj
Budapeszt
Bukareszt
Sydney
Rzym
Usti nad labem
Dolny kubin
Andora
Bratysława
Nowy york
Mińsk
Tallin
Ryga
Palermo
Brest
Delhi
Dresden
Dublin
Londyn
 
Statystyki odpowiedzi
Odpowiedź % Poprawnych
Ateny
100%
Oslo
100%
Warszawa
93%
Ankara
90%
Sarajewo
90%
Bratysława
87%
Budapeszt
87%
Mińsk
87%
Podgorica
87%
Rzym
87%
Bukareszt
83%
Andora
80%
Dublin
80%
Londyn
80%
Ryga
80%
Tallin
80%
Delhi
60%
Gwatemala
47%
Nie znaleziono quizów pasujących do podanych kryteriów
Rozkład punktacji
Procent ludzi z każdym wynikiem
Percentyl według liczby udzielonych odpowiedzi
Twoja historia wyników
Nie rozwiązałeś tego quizu